घरच्या घरी होमिओपथी. (Record no. 784529)

MARC details
000 -LEADER
fixed length control field 00749nam a2200181Ia 4500
008 - FIXED-LENGTH DATA ELEMENTS--GENERAL INFORMATION
fixed length control field 100921s9999 xx 000 0 und d
082 ## - DEWEY DECIMAL CLASSIFICATION NUMBER
Item number 35416
Classification number 615.532 न 01
100 ## - MAIN ENTRY--PERSONAL NAME
Personal name लोंढे जनार्दन रंगनाथ.
245 ## - TITLE STATEMENT
Title घरच्या घरी होमिओपथी.
260 ## - PUBLICATION, DISTRIBUTION, ETC. (IMPRINT)
Name of publisher, distributor, etc श्रीमंगेश प्रकाशन, नागपूर.
Date of publication, distribution, etc 2001
300 ## - PHYSICAL DESCRIPTION
Extent 155
Other physical details रसिक साहित्य,पुणे
365 ## - TRADE PRICE
Price amount 60
520 ## - SUMMARY, ETC.
Summary, etc तं.वि.होमिओपथी.
630 ## - SUBJECT ADDED ENTRY--UNIFORM TITLE
Uniform title घरच्या घरी होमिओपथी.
650 ## - SUBJECT ADDED ENTRY--TOPICAL TERM
Topical term or geographic name as entry element तं.वि.होमिओपथी.
730 ## - ADDED ENTRY--UNIFORM TITLE
Uniform title घरच्या घरी होमिओपथी.
942 ## - ADDED ENTRY ELEMENTS (KOHA)
Koha item type Book
Holdings
Withdrawn status Lost status Damaged status Not for loan Home library Current library Shelving location Date acquired Cost, normal purchase price Total Checkouts Barcode Date last seen Price effective from Koha item type Public note
        Lo. Tilak Granthasangrahalaya, Wai Lo. Tilak Granthasangrahalaya, Wai     60.00   WAITILAKGS-35416 09/21/2010 09/21/2010 Book देवघेव